Statistiken für Größte Städte in Finnland • A-Ä

Klicken Sie hier um das Quiz zu spielen!

Allgemein

  • Dieses Quiz wurde 100 mal gespielt
  • Das Durchschnittsergebnis liegt bei 7 aus 21

Antwortstatistiken

A-ÄPop.Stadt / Gemeinde% Korrekt
H642,045Helsinki
99%
T230,537Tampere
82%
O201,124Oulu
73%
E277,375Espoo
70%
L119,395Lahti
61%
R62,037Rovaniemi
55%
J139,260Jyväskylä
51%
K117,842Kuopio
49%
V221,821Vantaa
41%
P84,779Pori
38%
M54,390Mikkeli
24%
I27,357Imatra
18%
S62,457Seinäjoki
15%
Ä19,186Äänekoski
13%
Y32,851Ylöjärvi
13%
F17,201Forssa
11%
G498Geta
9%
N42,191Nurmijärvi
9%
U15,777Uusikaupunki
9%
B465Brändö
7%
A16,892Akaa
2%

Verteilung der Resultate

Perzentil nach korrekt beantworteten Fragen

Anzahl Personen mit jedem Resultat

Ihre Resultats-Entwicklung

Sie haben dieses Quiz noch nicht gespielt